| 000 -LEADER |
| fixed length control field |
01892cam a22004094a 4500 |
| 001 - CONTROL NUMBER |
| control field |
13242272 |
| 003 - CONTROL NUMBER IDENTIFIER |
| control field |
NUST |
| 005 - DATE AND TIME OF LATEST TRANSACTION |
| control field |
20191003112542.0 |
| 008 - FIXED-LENGTH DATA ELEMENTS--GENERAL INFORMATION |
| fixed length control field |
030617s2003 dcua bt f000 0 eng d |
| 010 ## - LIBRARY OF CONGRESS CONTROL NUMBER |
| LC control number |
2003108646 |
| 020 ## - INTERNATIONAL STANDARD BOOK NUMBER |
| International Standard Book Number |
0309069688 |
| 035 ## - SYSTEM CONTROL NUMBER |
| System control number |
(DLC)13242272 |
| 038 ## - RECORD CONTENT LICENSOR |
| Staff Name |
MSOHAIL |
| 040 ## - CATALOGING SOURCE |
| Original cataloging agency |
CBT |
| Transcribing agency |
CBT |
| Modifying agency |
PU |
| -- |
DLC |
| 042 ## - AUTHENTICATION CODE |
| Authentication code |
lccopycat |
| 043 ## - GEOGRAPHIC AREA CODE |
| Geographic area code |
n-us--- |
| 050 00 - LIBRARY OF CONGRESS CALL NUMBER |
| Classification number |
TE228 |
| Item number |
.W55 2003 |
| 082 00 - DEWEY DECIMAL CLASSIFICATION NUMBER |
| Classification number |
363.125720973 |
| Edition number |
22 |
| 100 1# - MAIN ENTRY--PERSONAL NAME |
| Personal name |
Wilson, Eugene M. |
| Fuller form of name |
(Eugene Madison), |
| Dates associated with a name |
1943- |
| 9 (RLIN) |
22598 |
| 245 10 - TITLE STATEMENT |
| Title |
Roadway safety tools for local agencies : |
| Remainder of title |
a synthesis of highway practice / |
| Statement of responsibility, etc. |
consultant, Eugene M. Wilson. |
| 246 1# - VARYING FORM OF TITLE |
| Display text |
At head of title: |
| Title proper/short title |
National Cooperative Highway Research Program |
| 260 ## - PUBLICATION, DISTRIBUTION, ETC. |
| Place of publication, distribution, etc. |
Washington, D.C. : |
| Name of publisher, distributor, etc. |
Transportation Research Board (Business Office, 500 5th St., Washington D.C. 20001), |
| Date of publication, distribution, etc. |
2003. |
| 300 ## - PHYSICAL DESCRIPTION |
| Extent |
168 p. : |
| Other physical details |
ill. ; |
| Dimensions |
28 cm. |
| 490 1# - SERIES STATEMENT |
| Series statement |
NCHRP synthesis, |
| International Standard Serial Number |
0547-5570 ; |
| Volume/sequential designation |
321 |
| 500 ## - GENERAL NOTE |
| General note |
"Research sponsored by the American Association of State Highway and Transportation Officials in cooperation with the Federal Highway Administration." |
| 504 ## - BIBLIOGRAPHY, ETC. NOTE |
| Bibliography, etc. note |
Includes bibliographical references (p. 26-30). |
| 650 #0 - SUBJECT ADDED ENTRY--TOPICAL TERM |
| Topical term or geographic name entry element |
Traffic signs and signals |
| Geographic subdivision |
United States |
| General subdivision |
States. |
| 9 (RLIN) |
22599 |
| 650 #0 - SUBJECT ADDED ENTRY--TOPICAL TERM |
| Topical term or geographic name entry element |
Traffic safety |
| Geographic subdivision |
United States |
| General subdivision |
States. |
| 9 (RLIN) |
22600 |
| 710 2# - ADDED ENTRY--CORPORATE NAME |
| Corporate name or jurisdiction name as entry element |
National Cooperative Highway Research Program. |
| 9 (RLIN) |
20864 |
| 710 2# - ADDED ENTRY--CORPORATE NAME |
| Corporate name or jurisdiction name as entry element |
American Association of State Highway and Transportation Officials. |
| 9 (RLIN) |
19553 |
| 710 2# - ADDED ENTRY--CORPORATE NAME |
| Corporate name or jurisdiction name as entry element |
National Research Council (U.S.). |
| Subordinate unit |
Transportation Research Board. |
| 9 (RLIN) |
22601 |
| 830 #0 - SERIES ADDED ENTRY--UNIFORM TITLE |
| Uniform title |
Synthesis of highway practice ; |
| Volume/sequential designation |
321. |
| 9 (RLIN) |
22602 |
| 906 ## - LOCAL DATA ELEMENT F, LDF (RLIN) |
| a |
7 |
| b |
cbc |
| c |
copycat |
| d |
3 |
| e |
ncip |
| f |
20 |
| g |
y-gencatlg |
| 942 ## - ADDED ENTRY ELEMENTS (KOHA) |
| Source of classification or shelving scheme |
|
| Koha item type |
Book |